Sociální pojištění

Úplné znenie zákona č. 589/1992 Zb. o poistnom na sociálne zabezpečenie a príspevku na štátnu politiku zamestnanosti.

Salvato in:
Dettagli Bibliografici
Autore principale: Nesnídal, Jiří
Natura: Capitolo di libro
Lingua:ceco
Soggetti:
Tags: Aggiungi Tag
Nessun Tag, puoi essere il primo ad aggiungerne!!

MARC

LEADER 00000naa a2200000 4500
001 r024795
005 20221208130817.0
041 0 |a cze 
044 |a CZ 
245 1 0 |a Sociální pojištění  |c Jiří Nesnídal 
520 |a Úplné znenie zákona č. 589/1992 Zb. o poistnom na sociálne zabezpečenie a príspevku na štátnu politiku zamestnanosti. 
610 2 0 |a poistenie sociálne 
610 2 0 |a zabezpečenie sociálne 
610 2 0 |a politika zamestnanosti 
610 2 0 |a zákony 
610 2 0 |a Česko 
610 2 0 |a 1992 
610 2 0 |a 1994 
100 1 |a Nesnídal, Jiří